| 000 -LEADER |
| fixed length control field |
00563pam a2200193 a 4500 |
| 020 ## - INTERNATIONAL STANDARD BOOK NUMBER |
| ISBN |
0070212198 (h) : |
| 040 ## - CATALOGING SOURCE |
| Transcribing agency |
DLC |
| 082 00 - DEWEY DECIMAL CLASSIFICATION NUMBER |
| Classification number |
005 HIL 1993 A002 Or. |
| 100 1# - MAIN ENTRY--AUTHOR NAME |
| Personal name |
Flecher, Tom |
| 245 10 - TITLE STATEMENT |
| Title |
Software engineering and CASE : |
| Remainder of title |
bridging the culture gap / |
| 260 ## - PUBLICATION, DISTRIBUTION, ETC. (IMPRINT) |
| Place of publication |
New York : |
| Name of publisher |
McGraw-Hill, |
| Year of publication |
c1993 |
| 300 ## - PHYSICAL DESCRIPTION |
| Number of Pages |
xviii, 277 p. : |
| Other physical details |
ill. ; |
| Dimensions |
24 cm |
| 490 1# - SERIES STATEMENT |
| Series statement |
CAP Gemini America series |
| 500 ## - GENERAL NOTE |
| General note |
Includes index |
| 650 #0 - SUBJECT ADDED ENTRY--TOPICAL TERM |
| Topical Term |
Computer-aided software engineering |
| 650 #0 - SUBJECT ADDED ENTRY--TOPICAL TERM |
| Topical Term |
Management information systems |
| 700 10 - ADDED ENTRY--PERSONAL NAME |
| Personal name |
Hunt, Jim |
| 942 ## - ADDED ENTRY ELEMENTS (KOHA) |
| Koha item type |
សៀវភៅភាសាអង់គ្លេស |
| 952 ## - LOCATION AND ITEM INFORMATION (KOHA) |
| Withdrawn status [LOCAL, KOHA] |
0 |